Cena a motivace hospodářských jednotek

Salvato in:
Dettagli Bibliografici
Autore principale: Kasan, Jan
Natura: Libro
Lingua:ceco
Pubblicazione: Praha Academia 1988
Edizione:1. vyd.
Tags: Aggiungi Tag
Nessun Tag, puoi essere il primo ad aggiungerne!!

MARC

LEADER 00000nam a2200000 4500
001 c034345
005 20221219085016.7
041 0 |a cze 
044 |a CZ 
245 1 0 |a Cena a motivace hospodářských jednotek  |c Jan Kasan 
250 |a 1. vyd. 
264 1 |a Praha  |b Academia  |c 1988 
300 |a 119 s. 
100 1 |a Kasan, Jan